प्राचीन शिव आणि जैन मंदिरे / (Record no. 54522)

MARC details
000 -LEADER
fixed length control field 01061nam a22002297a 4500
005 - DATE AND TIME OF LATEST TRANSACTION
control field 20110728112413.0
008 - FIXED-LENGTH DATA ELEMENTS--GENERAL INFORMATION
fixed length control field 110728t xxu||||| |||| 00| 0 mar d
010 ## - LCCN (DPL NO)
LC control number MAR-21157
020 ## - INTERNATIONAL STANDARD BOOK NUMBER
Terms of availability 250.00
International Standard Book Number 97881909220155
035 ## - SYSTEM CONTROL NUMBER
System control number MR-13815
037 ## - SOURCE OF ACQUISITION
Source of stock number/acquisition DPL/PUB
040 ## - CATALOGING SOURCE
Original cataloging agency DPL
Language of cataloging MR
082 ## - DEWEY DECIMAL CLASSIFICATION NUMBER
Classification number 726.1
100 ## - MAIN ENTRY--PERSONAL NAME
9 (RLIN) 30273
245 ## - TITLE STATEMENT
Title प्राचीन शिव आणि जैन मंदिरे /
246 ## - VARYING FORM OF TITLE
Title proper/short title Prachin Shiv Ani Jain Mandire
260 ## - PUBLICATION, DISTRIBUTION, ETC. (IMPRINT)
Place of publication, distribution, etc नांदेड
Name of publisher, distributor, etc पूनम प्रकाशन
Date of publication, distribution, etc 2011
270 ## - ADDRESS
Address महात्मा फुले हाऊसिंग सोसायटी,तहसीलच्या पाटीमागे,कंधार,
City नांदेड
Postal code 431714
300 ## - PHYSICAL DESCRIPTION
Extent 304पृ.
Dimensions 22सेमी(अजिल्द)
942 ## - ADDED ENTRY ELEMENTS (KOHA)
Source of classification or shelving scheme Dewey Decimal Classification
Item type Marathi Books
Classification part 726.1
Call number suffix प्राचीन
Holdings
Withdrawn status Lost status Source of classification or shelving scheme Damaged status Not for loan Collection code Home library Current library Date acquired Source of acquisition Cost, normal purchase price Total Checkouts Full call number Barcode Date last seen Copy number Cost, replacement price Koha item type
    Dewey Decimal Classification   Not For Loan Non-fiction D.B.Act.Division D.B.Act.Division 28/07/2011 DBAD / PUB 250.00   726.1 प्राचीन MR-13815 28/07/2011 1 250.00 Marathi Books

© Delhi Public Library
Hit Counter
free hit counter